Identify South American Countries Quiz Stats

 Plays Quiz not verified by Sporcle

Score 0/12 Timer 01:30
0 Plays Today
% Correct
Argentina
94.9%
Chile
89.9%
Brazil
87.9%
Peru
87.9%
Paraguay
86.9%
Colombia
84.8%
Venezuela
84.8%
Uruguay
83.8%
Bolivia
81.8%
Suriname
81.8%
Ecuador
80.8%
Guyana
78.8%

You're not logged in!

Compare scores with friends on all Sporcle quizzes.
OR
Log In

Sporcle TV

Today on Sporcle TV


Watch our educational content, quiz creation guides, and fun videos on Sporcle TV.

Show Comments

Extras

Top Quizzes Today


Score Distribution

Your Account Isn't Verified!

In order to create a playlist on Sporcle, you need to verify the email address you used during registration. Go to your Sporcle Settings to finish the process.

Report this User

Report this user for behavior that violates our Community Guidelines.

Details: